000 00544nam a2200157 a 4500
001 000042040
005 20201002035913.0
008 131111s19uu sp 001 0 spa d
040 _aDO-SdBNP
_bspa
_cBNPHU
100 1 _aGreene, Melvyn
_969021
245 1 0 _aMárketing de hoteles y restaurantes :
_benfoque sistemático para el aumento de ventas /
_cMelvyn Greene : prólogo Ignacio Fuejo Lago.
260 _aBilbao :
_bDeusto,
_c[199?].
300 _a339 p. ;
_c23 cm.
500 _aIncluye índice
700 1 _aFuejo Lago, Ignacio
_epról.
_969022
999 _c41529
_d41529